000 00654nam a22001577a 4500
003 OSt
005 20151022102500.0
008 151022b xxu||||| |||| 00| 0 eng d
040 _cRUA
082 _aAVM
100 _92682
_aHPOUNG, PHANIT.
245 _asentinent flock surveillance of avian influenza a/h5n1 in prey veng province, ការអង្កេតតាមដានឃ្លាំមមើលជំងឺផ្តាសសាយបក្សីប្រភេទ A/H5N1 លើហ្វូងទាក្នុងខរត្តព្រៃវែង.
260 _aphnom phen
_bRUA
_c2012
300 _aviii,36p.
_bill.
_c29cm.
942 _2ddc
_cAVM
999 _c2511
_d2511